| 000 | 00487nam a22001577a 4500 | ||
|---|---|---|---|
| 020 | _qHard Cover. | ||
| 082 | _a200 | ||
| 100 | _aMalik, Zeeshan | ||
| 245 |
_aModeling and Control of Battlefield Extraction Assist Robot / _cZeeshan Malik. |
||
| 260 |
_aIslamabad: _bCEME NUST, _c2018. |
||
| 300 |
_a65 p. : _bill. ; _c30cm. |
||
| 650 | _aMS-Mechanical Engineering | ||
| 700 | _aSupervisor; Dr. Imran Shafi | ||
| 942 |
_2ddc _cTHE |
||
| 999 |
_c535039 _d535039 |
||